ბათუმის შოთა რუსთაველის სახელმწიფო უნივერსიტეტის ბიბლიოთეკა

წყალმომარაგება I ნაწ. ქსელი და მისი ნაგებობანი / (ბიბ.ჩანაწერი № 39604)

000 -ლიდერი
ფიქსირებული სიგრძის საკონტროლო ველი 01154nam a2200241Ia 4500
001 - საკონტროლო ნომერი
საკონტროლო ველი 6204
003 - საკონტროლო ნომრის იდენტიფიკატორი
საკონტროლო ველი GE_BSU
005 - ბოლო ოპერაციის თარიღი და დრო
საკონტროლო ველი 20190506121618.0
008 - ფიქსირებული სიგრძის მონაცემთა ელემენტები - ზოგადი ინფორმაცია
ფიქსირებული სიგრძის საკონტროლო ველი 181216s1962||||ge |||||||||||||| ||geo||
040 ## - კატალოგიზაციის წყარო
Transcribing agency GE_BSU
041 ## - ენის კოდი
Language code of text/sound track or separate title geo
080 ## - უნივერსალური ათობითი კლასიფიკაციის ინდექსი
Universal Decimal Classification number 628.1 დ-43
100 ## - მთავარი ჩანაწერი - პიროვნების სახელი
Personal name დიასამიძე, ლ.
9 (RLIN) 760
245 ## - ცნობა სათაურის შესახებ
Title წყალმომარაგება I ნაწ. ქსელი და მისი ნაგებობანი /
Statement of responsibility, etc ლ. დიასამიძე, ქ. ქუთათელაძე, ი. გეგელაშვილი ; რედ. ა. ზედგენიძე.
264 ## - წარმოების, გამოცემის, დისტრიბუციის და სხვა ცნობები
გამოცემის, წარმოების, დისტრიბუციის... ადგილი თბილისი :
გამოცემის, წარმოების, დისტრიბუციის... სახელწოდება სპი,
გამოცემის, წარმოების, დისტრიბუციის... თარიღი 1962.
300 ## - ფიზიკური აღწერა
Extent 350 გვ. :
Other physical details ილ., ნახაზები ;
Dimensions 22 სმ.
653 ## - INDEX TERM--UNCONTROLLED
Uncontrolled term ქსელი და მისი ნაგებობანი
653 ## - INDEX TERM--UNCONTROLLED
Uncontrolled term წყალმომარაგება
700 ## - ADDED ENTRY--PERSONAL NAME
Personal name ქუთათელაძე, ქ.
Relator term ავტორი
9 (RLIN) 761
700 ## - ADDED ENTRY--PERSONAL NAME
Personal name გეგელაშვილი, ი.
Relator term ავტორი
9 (RLIN) 762
700 ## - ADDED ENTRY--PERSONAL NAME
Personal name ზედგენიძე, ა.
Relator term რედაქტორი
9 (RLIN) 763
942 ## - ADDED ENTRY ELEMENTS (KOHA)
Koha item type წიგნი
Source of classification or shelving scheme
ეგზემპლარები
ჩამოწერის სტატუსი დაკარგული ეგზემპლარის სტატუსი კლასიფიკაციის წყარო ან თაროზე გაწყობის სქემა დაზიანების სტატუსი არ გაიცემა მუდმივი მდებარეობა (დაცვის ადგილი) ამჟამინდელი ადგილსამყოფელი თაროზე განთავსების ადგილი შეძენის თარიღი ღირებულება, შესყიდვის ნორმალური ფასი სრული შენახვის შიფრი შტრიხკოდი ბოლო ოპერაციის თარიღი ეგზემპლარის მიმდევრობითი ნომერი (კეტერი?) ფასის ძალაში შესვლის თარიღი ეგზემპლარის სახეობა საჯარო შენიშვნა
          ტექნოლოგიური ფაკულტეტის ბიბლიოთეკა ტექნოლოგიური ფაკულტეტის ბიბლიოთეკა წიგნსაცავი 2018-12-17 2.28 628.1 დ-43 11726 2018-12-17 11726 2018-12-17 წიგნი 2.28 ლ.